00566nam a2200169Ia 4500008004100000082001300041100001500054245003400069260002600103300001300129500002400142650002400166942000700190952009200197952009200289999001500381230524s9999 xx 000 0 und d a401bGAT aBill Gates 0aBusiness the Speed of thought aLONDONbP Groupc1999 aXXII;470 aQuantity Number: 2 aMiscellaneous91877 cBK 00104070aTATCLbTATCLcGENd2023-05-24l0o401 GATp4229r2023-05-24w2023-05-24yBK 00104070aTATCLbTATCLcGENd2023-05-24l0o401 GATp7927r2023-05-24w2023-05-24yBK c4815d4815